[Event "September Blitz"]
[Site "SchemingMind.com"]
[Date "2011.09.07"]
[Round "-"]
[White "kenneth m day"]
[Black "lennart"]
[Result "1-0"]
[WhiteCountry "USA"]
[BlackCountry "SWE"]
[WhiteElo "1943"]
[WhiteRD "55"]
[BlackElo "1479"]
[BlackRD "55"]
[GameID "292509"]

1. d4 d5 2. Bf4 e6 3. Nf3 Bd6 4. Bg3 Bxg3 5. hxg3 Nf6 6. e3 O-O 7. Nbd2 Re8 8. Bd3 Qd6 9. Ne5 c5 10. c3 c4
11. Bc2 Nc6 12. f4 b5 13. g4 g6 14. Qf3 a5 15. Qh3 Kf8 16. Ndf3 Ne7 17. Qh6+ Kg8 18. Ng5 Qc7 19. Nxh7
1-0